| 000 | 00989cam a22003253a 4500 | ||
|---|---|---|---|
| 001 | 18186 | ||
| 003 | PGUSA | ||
| 005 | 20140828083403.0 | ||
| 008 | 060417s2006||||xxu|||||s|||||000 1 eng d | ||
| 040 |
_aPGUSA _beng |
||
| 042 | _adc | ||
| 050 | 4 | _aPR | |
| 100 | 1 |
_aDickens, Charles, _d1812-1870 |
|
| 245 | 1 | 0 |
_aDavid Copperfield I : _bDavid Copperfield nuoremman elämäkertomus ja kokemukset _h[electronic resource] / _cCharles Dickens |
| 260 |
_bProject Gutenberg, _c2006 |
||
| 506 | _aPublic domain in the USA. | ||
| 516 | _aElectronic text | ||
| 653 | _aStepfathers -- Fiction | ||
| 653 | _aYoung men -- Fiction | ||
| 653 | _aEngland -- Fiction | ||
| 653 | _aBildungsromans | ||
| 653 | _aBoys -- Fiction | ||
| 653 | _aOrphans -- Fiction | ||
| 653 | _aAutobiographical fiction | ||
| 653 | _aChild labor -- Fiction | ||
| 700 | 1 |
_aChurberg, Waldemar, _d1848-1924 |
|
| 830 | 0 |
_aProject Gutenberg _v18186 |
|
| 856 | 4 | 0 | _uhttp://www.gutenberg.org/ebooks/18186 |
| 942 | _cEB | ||
| 999 |
_c247441 _d247441 |
||